| 000 | 00351nam a2200145Ia 4500 | ||
|---|---|---|---|
| 008 | 230312s9999||||xx |||||||||||||| ||und|| | ||
| 020 | _a0-330-37376-5 | ||
| 082 |
_a720.19 _bPHI-C |
||
| 100 | _aPhillips; Roger | ||
| 245 | 0 | _aConvervatory and Indoor Plants | |
| 260 |
_bPAN _aThailand _c1998 |
||
| 300 | _a309 | ||
| 650 | _aArchitecture | ||
| 942 | _cBK | ||
| 999 |
_c11789 _d11789 |
||